<?xml version="1.0" encoding="UTF-8"?>
<collection xmlns="http://www.loc.gov/MARC21/slim">
 <record>
  <leader>00375pamaa2200133   4500</leader>
  <controlfield tag="001">0000023419</controlfield>
  <controlfield tag="005">20070125090000.0</controlfield>
  <datafield tag="020" ind1="0" ind2="0">
   <subfield code="a">1902002040 </subfield>
  </datafield>
  <datafield tag="082" ind1=" " ind2=" ">
   <subfield code="a">791.4375 CRI</subfield>
  </datafield>
  <datafield tag="090" ind1="0" ind2="0">
   <subfield code="a">PR1309.C7 </subfield>
   <subfield code="b">CRI 1998</subfield>
  </datafield>
  <datafield tag="245" ind1="0" ind2="0">
   <subfield code="a">CRIME Time 2.1  </subfield>
   <subfield code="c">James Sallis...[et al.].</subfield>
  </datafield>
  <datafield tag="260" ind1="0" ind2="0">
   <subfield code="a">Birmingham: </subfield>
   <subfield code="b">CT Publishing, </subfield>
   <subfield code="c">1998.</subfield>
  </datafield>
  <datafield tag="300" ind1=" " ind2=" ">
   <subfield code="a">288p.: </subfield>
   <subfield code="b">ill.; </subfield>
   <subfield code="c">20cm.</subfield>
  </datafield>
  <datafield tag="650" ind1="0" ind2="0">
   <subfield code="a">Detective and mystery -- </subfield>
   <subfield code="x">Reviews </subfield>
  </datafield>
 </record>
</collection>
